000 01011cam a2200289 4500
001 3213768
003 OSt
005 20170320115515.0
008 710930s1971 nyua b 001 0 eng
010 _a 78122276
040 _aDLC
_cDLC
_dDLC
050 0 0 _aHM101
_b.R57 1971
082 0 0 _a301.2/42
100 1 _aRogers, Everett M.
245 1 0 _aCommunication of innovations;
_ba cross-cultural approach
_c[by] Everett M. Rogers with F. Floyd Shoemaker.
250 _a2d ed.
260 _aNew York,
_bFree Press
_c[1971]
300 _axix, 476 p.
_billus.
_c24 cm.
500 _aFirst ed. (1962) and 3rd ed. (c1963) published under title: Diffusion of innovations.
504 _aBibliography: p. 387-466.
650 0 _aSocial change
_xCross-cultural studies.
650 0 _aTechnological innovations
_xSocial aspects.
650 0 _aDiffusion of innovations.
700 1 _aShoemaker, F. Floyd,
_ejoint author.
906 _a7
_bcbc
_corignew
_d2
_encip
_f19
_gy-gencatlg
942 _2lcc
_cBK
_mHM101.R57 1971
999 _c256321
_d256320